01029nam a2200217 i 4500001000300000111007600003245022700079260003900306300004200345500005900387504002400446650002400470655002900494710005300523710006000576040000800636041001500644080001300659008004100672856009800713bg2 aKrajowa Konferencja Mechaniki Płynówn(13 ;d1998 ;cCzęstochowa).05aXIII Krajowa Konferencja Mechaniki Płynów :bCzęstochowa, 21-26 września 1998.nT. 3 /c[Polska Akademia Nauk. Komitet Mechaniki. Sekcja Mechaniki Płynów, Politechnika Częstochowska. Instytut Maszyn Cieplnych]. aCzęstochowa :bWydaw. PC,c1998. a279 s. :bfot., rys., wykr. ;c24 cm. aTekst częśc. ang. - Streszcz. pol., ang. przy ref. aBibliogr. przy ref. 9aMechanika płynów aMateriały konferencyjne 0aPolska Akademia NaukbSekcja Mechaniki Płynów 0aPolitechnika CzęstochowskabInstytut Maszyn Cieplnych cBPK0 aplenbenpl a532(061) s pl f |000 0 pol  uhttp://koha.tu.koszalin.pl/cgi-bin/koha/opac-detail.pl?biblionumber=37821yKatalog online BPK